[Event "Norwegian Team Championship 2019"]
[Site "Drammen"]
[Date "2019.06.01"]
[Round "4.20"]
[White "Tenold, Andreas"]
[Black "Jakobsen, Kjetil Ansgar"]
[Result "0-1"]
[WhiteElo "1969"]
[BlackElo "1842"]
[Annotator "NA"]
[PlyCount "46"]
[EventDate "2019.05.30"]
[EventType "swiss"]
[EventCountry "NOR"]
[SourceTitle "playchess.com"]
[Source "ChessBase"]
[SourceQuality "1"]
[TimeControl "40/5400:1800"]

1. d4 {[%emt 0:00:26]} f5 {[%emt 0:00:04]} 2. c4 {[%emt 0:00:10]} Nf6 {[%emt 0:00:15]} 3. g3 {[%emt 0:00:12]} g6 {[%emt 0:00:07]} 4. Bg2 {[%emt 0:00:06]} Bg7 {[%emt 0:00:05]} 5. Nf3 {[%emt 0:00:08]} O-O {[%emt 0:00:06]} 6. O-O {[%emt 0:00:17]} d6 {[%emt 0:00:02]} 7. Nc3 {[%emt 0:00:10]} Nc6 {[%emt 0:00:07]} 8. Qc2 {[%emt 0:05:07]} e5 {[%emt 0:00:50]} 9. dxe5 {[%emt 0:02:04]} dxe5 {[%emt 0:00:40]} 10. Rd1 {[%emt 0:00:51]} Qe7 {[%emt 0:13:37]} 11. Nd5 {[%emt 0:02:04]} Nxd5 {[%emt 0:01:30]} 12. cxd5 {[%emt 0:00:10]} Nd8 {[%emt 0:06:23]} 13. Be3 {[%emt 0:03:24]} b6 {[%emt 0:18:28]} 14. Rac1 {[%emt 0:05:39]} e4 {[%emt 0:01:38]} 15. Nd4 {[%emt 0:03:00]} Rf7 {[%emt 0:07:09]} 16. Bf4 {[%emt 0:08:09]} Bb7 {[%emt 0:05:12]} 17. Qc4 {[%emt 0:14:41]} Rc8 {[%emt 0:06:20]} 18. Ne6 {[%emt 0:10:57]} Bxd5 {[%emt 0:01:01]} 19. Qxd5 {[%emt 0:12:54]} Nxe6 {[%emt 0:01:45]} 20. b3 {[%emt 0:03:09]} g5 {[%emt 0:03:18]} 21. Be5 {[%emt 0:02:04]} Rd8 {[%emt 0:02:14]} 22. Qb5 {[%emt 0:01:09]} a6 {[%emt 0:02:01]} 23. Rxd8+ {[%emt 0:00:37]} Nxd8 {[%emt 0:00:40]} 0-1

[Event "Norwegian Team Championship 2019"]
[Site "Drammen"]
[Date "2019.06.02"]
[Round "5.1"]
[White "Hammer, Jon Ludvig"]
[Black "Haldorsen, Benjamin"]
[Result "1/2-1/2"]
[WhiteElo "2645"]
[BlackElo "2437"]
[Annotator "TA"]
[PlyCount "86"]
[EventDate "2019.05.30"]
[EventType "swiss"]
[EventCountry "NOR"]
[SourceTitle "playchess.com"]
[Source "ChessBase"]
[SourceQuality "1"]

{[%evp 18,86,41,31,53,11,18,11,15,10,16,0,7,7,0,0,11,0,0,-15,26,0,22,0,0,0,0,-19,-17,-30,-12,-12,-12,-12,0,-6,-7,-61,-44,-64,-64,-71,-71,-64,-64,-64,-27,-24,-28,-24,0,0,0,0,0,0,0,0,0,0,0,0,0,0,0,0,0,0,0,0,-4]} 1. c4 c5 2. Nf3 g6 3. d4 cxd4 4. Nxd4 Nc6 5. e4 Nf6 6. Nc3 d6 7. Be2 Nxd4 8. Qxd4 Bg7 9. Be3 O-O 10. Qd2 a5 {B36: Sicilian: Maroczy Bind: Gurgenidze System} (10... Bd7 11. f3 Bc6 12. O-O a5 13. b3 Nd7 14. Rab1 Nc5 15. Rfd1 Qc7 16. Bf1 Rfc8 17. Kh1 Qb6 18. a3 Qc7 19. Nd5 Qd8 20. Bg5 Bxd5 21. exd5 a4 22. b4 Nb3 23. Qe3 Bf6 {0-1 (51) Bu,X (2722)-Jones,G (2622) Hengshui 2019}) 11. Bh6 a4 12. Bxg7 Kxg7 13. O-O Qa5 14. Qd4 Be6 15. Nd5 Bxd5 16. exd5 Rfc8 $146 ({Predecessor:} 16... Qc5 17. Qxc5 dxc5 18. Bd3 Rfd8 19. Rfe1 e6 20. Rac1 exd5 21. cxd5 Rxd5 22. Bc4 Rd7 23. Bb5 Rc7 24. Rc4 Ra5 {0-1 (24) Pauls,W (2009)-Terhuven,P (2157) Solingen 2017}) 17. Rfe1 Qc5 18. Qd2 Rc7 19. Rad1 Ra6 20. b4 axb3 $1 21. axb3 Qa7 22. Qc3 b5 23. Ra1 bxc4 24. Bxc4 Rxa1 25. Rxa1 Qb6 26. g4 $132 {[%mdl 2048] [#] aiming for g5. White puts up resistance} h6 27. h4 (27. Ra8 $11) 27... Kh7 $15 28. g5 Ng4 $1 {[#]} 29. Qf3 $1 {[%mdl 512]} Ne5 30. Qf4 h5 31. Kg2 Ra7 32. Rxa7 Qxa7 33. Be2 Qb7 34. Qe4 $1 {The position is equal.} Qxb3 35. Bxh5 $1 Kg7 36. Be2 Kf8 37. f4 Nd7 38. h5 gxh5 39. Bxh5 Qb2+ 40. Kg3 Qc3+ 41. Kg4 {Qf5! is the strong threat.} Qc5 42. Qh7 {[%csl Gh5][%cal Rh7f7]} Qg1+ 43. Kh4 {[%csl Gh5][%cal Rh7f7]} Qh2+ {Accuracy: White = 45%, Black = 54%.} 1/2-1/2

[Event "Norwegian Team Championship 2019"]
[Site "Drammen"]
[Date "2019.06.02"]
[Round "5.2"]
[White "Stokke, Kjetil"]
[Black "Hauge, Lars Oskar"]
[Result "0-1"]
[WhiteElo "2343"]
[BlackElo "2470"]
[Annotator "ChessBase"]
[PlyCount "174"]
[EventDate "2019.05.30"]
[EventType "swiss"]
[EventCountry "NOR"]
[SourceTitle "playchess.com"]
[Source "ChessBase"]
[SourceQuality "1"]
[TimeControl "40/5400:1800"]

1. c4 {[%emt 0:03:15]} f5 {[%emt 0:01:32]} 2. g3 {[%emt 0:00:59]} Nf6 {[%emt 0:00:57]} 3. Bg2 {[%emt 0:00:07]} d6 {[%emt 0:01:26]} 4. Nc3 {[%emt 0:01:22]} g6 {[%emt 0:00:50]} 5. d3 {[%emt 0:00:04]} Bg7 {[%emt 0:01:10]} 6. e4 {[%emt 0:00:05]} Nc6 {[%emt 0:00:12]} 7. Nge2 {[%emt 0:00:06]} O-O {[%emt 0:00:52]} 8. O-O {[%emt 0:00:25]} e5 {[%emt 0:00:12]} 9. Nd5 {[%emt 0:00:02]} fxe4 {[%emt 0:05:01]} 10. dxe4 {[%emt 0:00:50]} Be6 {[%emt 0:00:11]} 11. h3 {[%emt 0:03:15]} Qd7 {[%emt 0:07:02]} 12. Kh2 {[%emt 0:00:09]} Rae8 {[%emt 0:03:40]} 13. Be3 {[%emt 0:01:41]} Nd8 {[%emt 0:03:33]} 14. Qd2 {[%emt 0:05:09]} Nh5 {[%emt 0:03:01]} 15. Rad1 {[%emt 0:05:03]} b6 {[%emt 0:03:59]} 16. b3 {[%emt 0:10:00]} Nf7 {[%emt 0:02:53]} 17. Rde1 {[%emt 0:05:18]} Qd8 {[%emt 0:06:40]} 18. Rd1 {[%emt 0:01:03]} Bd7 {[%emt 0:05:17]} 19. b4 {[%emt 0:05:26]} c6 {[%emt 0:03:43]} 20. Ndc3 {[%emt 0:00:13]} Be6 {[%emt 0:00:04]} 21. Qd3 {[%emt 0:07:32]} g5 {[%emt 0:05:08]} 22. b5 {[%emt 0:01:41]} cxb5 {[%emt 0:02:16]} 23. Nxb5 {[%emt 0:03:42]} Qe7 {[%emt 0:01:35]} 24. Nxd6 {[%emt 0:02:06]} Rd8 {[%emt 0:08:51]} 25. c5 {[%emt 0:00:07]} Nf4 {[%emt 0:00:04]} 26. gxf4 {[%emt 0:06:35]} gxf4 {[%emt 0:00:08]} 27. Nxf4 {[%emt 0:04:37]} exf4 {[%emt 0:00:08]} 28. Bxf4 {[%emt 0:00:08]} bxc5 {[%emt 0:01:13]} 29. Qg3 {[%emt 0:00:42]} Kh8 {[%emt 0:01:11]} 30. Nxf7+ {[%emt 0:01:45]} Qxf7 {[%emt 0:00:15]} 31. Be5 {[%emt 0:01:08]} Bxa2 {[%emt 0:01:15]} 32. Rxd8 {[%emt 0:08:37]} Rxd8 {[%emt 0:00:15]} 33. Ra1 {[%emt 0:00:33]} Be6 {[%emt 0:06:33]} 34. Bxg7+ {[%emt 0:00:50]} Qxg7 {[%emt 0:00:05]} 35. Qxg7+ {[%emt 0:00:05]} Kxg7 {[%emt 0:00:03]} 36. Rxa7+ {[%emt 0:00:08]} Kf6 {[%emt 0:01:34]} 37. f4 {[%emt 0:03:31]} c4 {[%emt 0:02:08]} 38. Ra6 {[%emt 0:00:59]} Ke7 {[%emt 0:01:26]} 39. f5 {[%emt 0:00:16]} Bd7 {[%emt 0:00:17]} 40. Kg3 {[%emt 0:00:20]} c3 {[%emt 0:00:38]} 41. Ra2 {[%emt 0:11:46]} Rc8 {[%emt 0:05:30]} 42. Rc2 {[%emt 0:00:39]} Ba4 {[%emt 0:01:22]} 43. Rc1 {[%emt 0:00:04]} c2 {[%emt 0:00:15]} 44. e5 {[%emt 0:01:15]} Rc4 {[%emt 0:02:55]} 45. f6+ {[%emt 0:05:00]} Ke6 {[%emt 0:00:09]} 46. f7 {[%emt 0:00:07]} Rc3+ {[%emt 0:01:12]} 47. Kf4 {[%emt 0:00:51]} Kxf7 {[%emt 0:00:14]} 48. Be4 {[%emt 0:01:09]} h6 {[%emt 0:00:20]} 49. Bf5 {[%emt 0:00:42]} Ke7 {[%emt 0:01:15]} 50. h4 {[%emt 0:01:28]} Rc4+ {[%emt 0:01:32]} 51. Ke3 {[%emt 0:00:02]} h5 {[%emt 0:00:38]} 52. Bd3 {[%emt 0:00:57]} Rxh4 {[%emt 0:00:55]} 53. Bxc2 {[%emt 0:00:13]} Rc4 {[%emt 0:00:16]} 54. Rh1 {[%emt 0:00:03]} Bxc2 {[%emt 0:00:19]} 55. Rxh5 {[%emt 0:00:01]} Ke6 {[%emt 0:00:17]} 56. Rg5 {[%emt 0:00:01]} Bb1 {[%emt 0:00:37]} 57. Rh5 {[%emt 0:00:07]} Bf5 {[%emt 0:00:10]} 58. Rh8 {[%emt 0:00:01]} Rb4 {[%emt 0:00:38]} 59. Re8+ {[%emt 0:00:02]} Kd5 {[%emt 0:00:14]} 60. Rd8+ {[%emt 0:00:06]} Kxe5 {[%emt 0:00:12]} 61. Re8+ {[%emt 0:00:05]} Be6 {[%emt 0:00:48]} 62. Kd3 {[%emt 0:00:02]} Rb3+ {[%emt 0:00:22]} 63. Kc2 {[%emt 0:00:01]} Rg3 {[%emt 0:00:19]} 64. Re7 {[%emt 0:00:03]} Kd5 {[%emt 0:00:10]} 65. Re8 {[%emt 0:00:09]} Bf5+ {[%emt 0:00:21]} 66. Kd2 {[%emt 0:00:07]} Be4 {[%emt 0:00:01]} 67. Rd8+ {[%emt 0:00:19]} Ke5 {[%emt 0:00:14]} 68. Ke2 {[%emt 0:00:02]} Bd5 {[%emt 0:00:16]} 69. Kf2 {[%emt 0:00:05]} Rb3 {[%emt 0:00:40]} 70. Rf8 {[%emt 0:00:01]} Kd4 {[%emt 0:00:15]} 71. Re8 {[%emt 0:00:01]} Rf3+ {[%emt 0:00:15]} 72. Ke2 {[%emt 0:00:01]} Rg3 {[%emt 0:00:07]} 73. Rf8 {[%emt 0:00:21]} Bc6 {[%emt 0:01:05]} 74. Rd8+ {[%emt 0:00:09]} Ke4 {[%emt 0:00:17]} 75. Kd2 {[%emt 0:00:01]} Bd5 {[%emt 0:00:22]} 76. Rh8 {[%emt 0:00:08]} Kd4 {[%emt 0:00:09]} 77. Re8 {[%emt 0:00:03]} Rg7 {[%emt 0:01:03]} 78. Re1 {[%emt 0:00:04]} Bc4 {[%emt 0:00:38]} 79. Re8 {[%emt 0:00:19]} Rg2+ {[%emt 0:00:17]} 80. Ke1 {[%emt 0:00:02]} Bb5 {[%emt 0:00:07]} 81. Re6 {[%emt 0:00:10]} Bd3 {[%emt 0:01:14]} 82. Re8 {[%emt 0:00:07]} Rb2 {[%emt 0:00:07]} 83. Re7 {[%emt 0:00:10]} Be4 {[%emt 0:00:28]} 84. Kf1 {[%emt 0:00:01]} Ke3 {[%emt 0:00:17]} 85. Kg1 {[%emt 0:00:50]} Rg2+ {[%emt 0:00:09]} 86. Kf1 {[%emt 0:00:09]} Rh2 {[%emt 0:00:28]} 87. Rg7 {[%emt 0:00:01]} Rb2 {[%emt 0:00:01]} 0-1

[Event "Norwegian Team Championship 2019"]
[Site "Drammen"]
[Date "2019.06.02"]
[Round "5.3"]
[White "Getz, Nicolai"]
[Black "Gullaksen, Eirik"]
[Result "1-0"]
[WhiteElo "2380"]
[BlackElo "2327"]
[Annotator "ChessBase"]
[PlyCount "99"]
[EventDate "2019.05.30"]
[EventType "swiss"]
[EventCountry "NOR"]
[SourceTitle "playchess.com"]
[Source "ChessBase"]
[SourceQuality "1"]
[TimeControl "40/5400:1800"]

1. Nf3 {[%emt 0:00:04]} Nf6 {[%emt 0:00:38]} 2. g3 {[%emt 0:00:09]} g6 {[%emt 0:00:06]} 3. Bg2 {[%emt 0:00:05]} Bg7 {[%emt 0:00:09]} 4. O-O {[%emt 0:00:42]} O-O {[%emt 0:00:10]} 5. c4 {[%emt 0:01:23]} d6 {[%emt 0:00:24]} 6. d4 {[%emt 0:02:09]} Nc6 {[%emt 0:00:59]} 7. Nc3 {[%emt 0:00:23]} e5 {[%emt 0:01:08]} 8. d5 {[%emt 0:05:37]} Nb8 {[%emt 0:00:26]} 9. Qc2 {[%emt 0:03:56]} a5 {[%emt 0:00:24]} 10. Bd2 {[%emt 0:07:06]} Na6 {[%emt 0:01:43]} 11. a3 {[%emt 0:05:05]} Nd7 {[%emt 0:13:18]} 12. Nb5 {[%emt 0:04:55]} b6 {[%emt 0:07:40]} 13. b4 {[%emt 0:01:39]} axb4 {[%emt 0:00:09]} 14. axb4 {[%emt 0:00:05]} Bb7 {[%emt 0:08:00]} 15. Ra3 {[%emt 0:04:54]} h6 {[%emt 0:06:42]} 16. e4 {[%emt 0:03:06]} Qe7 {[%emt 0:08:30]} 17. Rfa1 {[%emt 0:04:45]} Rfc8 {[%emt 0:07:56]} 18. Qd3 {[%emt 0:03:15]} Bf8 {[%emt 0:03:38]} 19. Qe2 {[%emt 0:02:27]} Kh7 {[%emt 0:01:12]} 20. h4 {[%emt 0:03:32]} Nf6 {[%emt 0:02:53]} 21. Bh3 {[%emt 0:00:47]} Rd8 {[%emt 0:00:26]} 22. Nh2 {[%emt 0:01:53]} Bg7 {[%emt 0:00:52]} 23. R1a2 {[%emt 0:02:20]} h5 {[%emt 0:05:58]} 24. Nf3 {[%emt 0:01:08]} Bh6 {[%emt 0:00:39]} 25. Ng5+ {[%emt 0:04:05]} Kg7 {[%emt 0:00:02]} 26. Qe1 {[%emt 0:03:02]} Nh7 {[%emt 0:03:58]} 27. Qc1 {[%emt 0:00:48]} Bxg5 {[%emt 0:00:10]} 28. hxg5 {[%emt 0:00:05]} Rf8 {[%emt 0:00:17]} 29. Bg2 {[%emt 0:03:20]} Qd7 {[%emt 0:04:20]} 30. Kh2 {[%emt 0:04:44]} Kh8 {[%emt 0:00:24]} 31. Bh3 {[%emt 0:00:40]} Qe7 {[%emt 0:00:06]} 32. Kg2 {[%emt 0:03:28]} f6 {[%emt 0:02:01]} 33. gxf6 {[%emt 0:00:07]} Qxf6 {[%emt 0:00:03]} 34. f4 {[%emt 0:01:40]} c6 {[%emt 0:01:00]} 35. dxc6 {[%emt 0:01:28]} Bxc6 {[%emt 0:00:06]} 36. Rxa6 {[%emt 0:01:58]} Rxa6 {[%emt 0:00:07]} 37. Rxa6 {[%emt 0:00:04]} Ng5 {[%emt 0:00:21]} 38. Nc3 {[%emt 0:01:47]} Nxh3 {[%emt 0:01:28]} 39. Kxh3 {[%emt 0:00:01]} Qe6+ {[%emt 0:00:33]} 40. Kh2 {[%emt 0:00:30]} Qxc4 {[%emt 0:00:17]} 41. Rxb6 {[%emt 0:03:43]} Bxe4 {[%emt 0:01:13]} 42. Qe1 {[%emt 0:03:03]} Qd4 {[%emt 0:11:13]} 43. Qe3 {[%emt 0:03:49]} d5 {[%emt 0:00:29]} 44. Nxe4 {[%emt 0:01:29]} dxe4 {[%emt 0:00:09]} 45. Qxd4 {[%emt 0:01:10]} exd4 {[%emt 0:00:09]} 46. Rd6 {[%emt 0:00:21]} e3 {[%emt 0:00:11]} 47. Be1 {[%emt 0:01:15]} Rc8 {[%emt 0:00:13]} 48. Kg2 {[%emt 0:00:29]} Rc1 {[%emt 0:00:56]} 49. Kf1 {[%emt 0:00:12]} Rd1 {[%emt 0:00:46]} 50. Rxd4 {[%emt 0:00:24]} 1-0

[Event "Norwegian Team Championship 2019"]
[Site "Drammen"]
[Date "2019.06.02"]
[Round "5.4"]
[White "Gabrielsen, Stig"]
[Black "Ogaard, Leif"]
[Result "1-0"]
[WhiteElo "2279"]
[BlackElo "2385"]
[Annotator "ChessBase"]
[PlyCount "103"]
[EventDate "2019.05.30"]
[EventType "swiss"]
[EventCountry "NOR"]
[SourceTitle "playchess.com"]
[Source "ChessBase"]
[SourceQuality "1"]
[TimeControl "40/5400:1800"]

1. e4 {[%emt 0:00:04]} c5 {[%emt 0:00:08]} 2. Nf3 {[%emt 0:00:07]} e6 {[%emt 0:00:07]} 3. d4 {[%emt 0:00:04]} cxd4 {[%emt 0:00:09]} 4. Nxd4 {[%emt 0:00:05]} Nc6 {[%emt 0:00:12]} 5. Nc3 {[%emt 0:00:09]} Qc7 {[%emt 0:00:25]} 6. Be3 {[%emt 0:00:10]} a6 {[%emt 0:00:21]} 7. Qd2 {[%emt 0:02:20]} Nf6 {[%emt 0:00:48]} 8. f3 {[%emt 0:00:49]} Be7 {[%emt 0:03:54]} 9. O-O-O {[%emt 0:00:10]} O-O {[%emt 0:00:47]} 10. g4 {[%emt 0:00:10]} Nxd4 {[%emt 0:01:18]} 11. Qxd4 {[%emt 0:05:03]} b5 {[%emt 0:06:58]} 12. g5 {[%emt 0:10:29]} Nh5 {[%emt 0:03:05]} 13. Ne2 {[%emt 0:04:55]} e5 {[%emt 0:13:30]} 14. Qd2 {[%emt 0:00:38]} Rd8 {[%emt 0:02:33]} 15. Ng3 {[%emt 0:01:50]} Nf4 {[%emt 0:01:52]} 16. Nf5 {[%emt 0:08:23]} d5 {[%emt 0:18:33]} 17. Nxe7+ {[%emt 0:03:43]} Qxe7 {[%emt 0:00:09]} 18. Bxf4 {[%emt 0:00:16]} exf4 {[%emt 0:00:10]} 19. Qxf4 {[%emt 0:00:07]} dxe4 {[%emt 0:00:41]} 20. Rxd8+ {[%emt 0:00:18]} Qxd8 {[%emt 0:00:09]} 21. Qxe4 {[%emt 0:11:18]} Be6 {[%emt 0:00:16]} 22. Bd3 {[%emt 0:00:38]} g6 {[%emt 0:00:36]} 23. Kb1 {[%emt 0:09:26]} Rc8 {[%emt 0:04:09]} 24. h4 {[%emt 0:02:04]} Qa5 {[%emt 0:07:19]} 25. a3 {[%emt 0:03:11]} Re8 {[%emt 0:02:24]} 26. Qc6 {[%emt 0:05:03]} Rd8 {[%emt 0:00:31]} 27. Qc3 {[%emt 0:04:57]} Qxc3 {[%emt 0:01:41]} 28. bxc3 {[%emt 0:00:05]} Bc4 {[%emt 0:03:59]} 29. Bxc4 {[%emt 0:03:58]} bxc4 {[%emt 0:00:07]} 30. Re1 {[%emt 0:00:11]} Rd5 {[%emt 0:03:15]} 31. Re4 {[%emt 0:00:32]} Rc5 {[%emt 0:04:47]} 32. f4 {[%emt 0:03:21]} h5 {[%emt 0:00:18]} 33. a4 {[%emt 0:00:33]} Kf8 {[%emt 0:00:27]} 34. Kc1 {[%emt 0:00:23]} Kg7 {[%emt 0:01:05]} 35. Kd2 {[%emt 0:00:07]} Kf8 {[%emt 0:00:04]} 36. Ke3 {[%emt 0:00:24]} Kg7 {[%emt 0:00:09]} 37. Re5 {[%emt 0:00:27]} Rc7 {[%emt 0:00:27]} 38. Kd4 {[%emt 0:00:17]} Kf8 {[%emt 0:01:23]} 39. f5 {[%emt 0:00:41]} gxf5 {[%emt 0:00:31]} 40. Rxf5 {[%emt 0:00:08]} Kg7 {[%emt 0:00:23]} 41. Rf6 {[%emt 0:30:21]} Rd7+ {[%emt 0:11:48]} 42. Kxc4 {[%emt 0:00:00]} Rd2 {[%emt 0:00:09]} 43. Kb3 {[%emt 0:00:00]} Rg2 {[%emt 0:01:31]} 44. c4 {[%emt 0:00:00]} Rg4 {[%emt 0:00:36]} 45. c5 {[%emt 0:00:00]} Rxh4 {[%emt 0:00:26]} 46. c6 {[%emt 0:00:00]} Re4 {[%emt 0:00:08]} 47. c7 {[%emt 0:00:00]} Re8 {[%emt 0:00:25]} 48. Rc6 {[%emt 0:00:00]} Rc8 {[%emt 0:00:13]} 49. Kb4 {[%emt 0:00:00]} h4 {[%emt 0:00:13]} 50. Ka5 {[%emt 0:00:00]} h3 {[%emt 0:00:15]} 51. Kb6 {[%emt 0:00:00]} Rh8 {[%emt 0:00:57]} 52. Rh6 {[%emt 0:00:00]} 1-0

[Event "Norwegian Team Championship 2019"]
[Site "Drammen"]
[Date "2019.06.02"]
[Round "5.6"]
[White "Risting, Eivind Olav"]
[Black "Ingebretsen, Jens E"]
[Result "1-0"]
[WhiteElo "2357"]
[BlackElo "2243"]
[Annotator "ChessBase"]
[PlyCount "55"]
[EventDate "2019.05.30"]
[EventType "swiss"]
[EventCountry "NOR"]
[SourceTitle "playchess.com"]
[Source "ChessBase"]
[SourceQuality "1"]
[TimeControl "40/5400:1800"]

1. d4 {[%emt 0:00:03]} Nf6 {[%emt 0:04:21]} 2. c4 {[%emt 0:00:12]} e6 {[%emt 0:00:08]} 3. Nc3 {[%emt 0:00:32]} Bb4 {[%emt 0:00:11]} 4. e3 {[%emt 0:00:05]} O-O {[%emt 0:00:09]} 5. Nf3 {[%emt 0:00:34]} c5 {[%emt 0:00:16]} 6. a3 {[%emt 0:06:26]} Bxc3+ {[%emt 0:00:09]} 7. bxc3 {[%emt 0:00:01]} d5 {[%emt 0:00:10]} 8. cxd5 {[%emt 0:00:30]} exd5 {[%emt 0:00:21]} 9. Bd3 {[%emt 0:01:52]} Nc6 {[%emt 0:01:21]} 10. O-O {[%emt 0:05:30]} c4 {[%emt 0:02:02]} 11. Bc2 {[%emt 0:03:33]} Bg4 {[%emt 0:00:29]} 12. Qe1 {[%emt 0:00:55]} Re8 {[%emt 0:05:16]} 13. Rb1 {[%emt 0:02:18]} Bxf3 {[%emt 0:08:51]} 14. gxf3 {[%emt 0:00:05]} Qd7 {[%emt 0:00:06]} 15. Kh1 {[%emt 0:05:34]} Qh3 {[%emt 0:01:32]} 16. Qd1 {[%emt 0:02:47]} Re7 {[%emt 0:16:16]} 17. Rg1 {[%emt 0:02:46]} Nh5 {[%emt 0:01:42]} 18. Rb5 {[%emt 0:06:40]} Rd8 {[%emt 0:05:15]} 19. e4 {[%emt 0:13:20]} dxe4 {[%emt 0:09:45]} 20. fxe4 {[%emt 0:00:49]} Ne5 {[%emt 0:00:38]} 21. Qe2 {[%emt 0:09:32]} Nf3 {[%emt 0:01:46]} 22. Rg2 {[%emt 0:01:21]} a6 {[%emt 0:03:47]} 23. Rxh5 {[%emt 0:01:16]} Qxh5 {[%emt 0:00:32]} 24. Bd1 {[%emt 0:00:13]} Qh4 {[%emt 0:01:20]} 25. Qxf3 {[%emt 0:00:19]} Rxe4 {[%emt 0:00:09]} 26. Be3 {[%emt 0:01:18]} Rde8 {[%emt 0:01:50]} 27. Be2 {[%emt 0:05:24]} b5 {[%emt 0:01:22]} 28. Bg5 {[%emt 0:01:35]} 1-0

[Event "Norwegian Team Championship 2019"]
[Site "Drammen"]
[Date "2019.06.02"]
[Round "5.7"]
[White "Dolzhikova, Olga"]
[Black "Gandrud, Vegar Koi"]
[Result "0-1"]
[WhiteElo "2210"]
[BlackElo "2325"]
[Annotator "ChessBase"]
[PlyCount "132"]
[EventDate "2019.05.30"]
[EventType "swiss"]
[EventCountry "NOR"]
[SourceTitle "playchess.com"]
[Source "ChessBase"]
[SourceQuality "1"]
[TimeControl "40/5400:1800"]

1. e4 {[%emt 0:00:02]} c5 {[%emt 0:00:05]} 2. c3 {[%emt 0:00:04]} g6 {[%emt 0:00:22]} 3. d4 {[%emt 0:00:47]} cxd4 {[%emt 0:00:12]} 4. cxd4 {[%emt 0:01:06]} d5 {[%emt 0:00:08]} 5. exd5 {[%emt 0:00:18]} Nf6 {[%emt 0:00:10]} 6. Nc3 {[%emt 0:00:25]} Bg7 {[%emt 0:00:26]} 7. Qb3 {[%emt 0:02:12]} O-O {[%emt 0:01:07]} 8. Nf3 {[%emt 0:01:25]} Nbd7 {[%emt 0:16:17]} 9. d6 {[%emt 0:00:37]} exd6 {[%emt 0:03:20]} 10. Be2 {[%emt 0:00:11]} Nb6 {[%emt 0:00:49]} 11. O-O {[%emt 0:09:38]} Be6 {[%emt 0:04:39]} 12. Qd1 {[%emt 0:00:17]} Rc8 {[%emt 0:03:34]} 13. Bf4 {[%emt 0:04:27]} Nfd5 {[%emt 0:01:37]} 14. Nxd5 {[%emt 0:04:44]} Nxd5 {[%emt 0:00:21]} 15. Bg3 {[%emt 0:01:00]} Qb6 {[%emt 0:09:55]} 16. Qd2 {[%emt 0:09:18]} Nb4 {[%emt 0:02:33]} 17. a3 {[%emt 0:10:43]} Nc2 {[%emt 0:00:37]} 18. Rad1 {[%emt 0:05:36]} Bd5 {[%emt 0:01:07]} 19. Rc1 {[%emt 0:05:20]} Bxf3 {[%emt 0:02:39]} 20. Rxc2 {[%emt 0:04:00]} Bxe2 {[%emt 0:04:05]} 21. Qxe2 {[%emt 0:01:24]} Rxc2 {[%emt 0:00:12]} 22. Qxc2 {[%emt 0:00:05]} Bxd4 {[%emt 0:00:14]} 23. b4 {[%emt 0:01:30]} Be5 {[%emt 0:04:15]} 24. Rc1 {[%emt 0:02:40]} Re8 {[%emt 0:05:13]} 25. Bxe5 {[%emt 0:11:47]} dxe5 {[%emt 0:03:44]} 26. Qe4 {[%emt 0:01:54]} Re7 {[%emt 0:02:20]} 27. h3 {[%emt 0:00:33]} Qe6 {[%emt 0:00:52]} 28. Rd1 {[%emt 0:00:57]} f5 {[%emt 0:01:51]} 29. Qd3 {[%emt 0:00:30]} b6 {[%emt 0:03:37]} 30. Qd8+ {[%emt 0:00:13]} Kg7 {[%emt 0:00:46]} 31. Rd6 {[%emt 0:00:12]} Qf7 {[%emt 0:00:22]} 32. Qc8 {[%emt 0:01:21]} Rc7 {[%emt 0:01:11]} 33. Qd8 {[%emt 0:00:25]} Qe7 {[%emt 0:01:06]} 34. Qxe7+ {[%emt 0:01:34]} Rxe7 {[%emt 0:00:01]} 35. a4 {[%emt 0:00:26]} Rc7 {[%emt 0:00:45]} 36. a5 {[%emt 0:00:17]} bxa5 {[%emt 0:00:04]} 37. bxa5 {[%emt 0:00:03]} Kf7 {[%emt 0:00:19]} 38. Rd8 {[%emt 0:00:57]} Ke7 {[%emt 0:00:18]} 39. Rb8 {[%emt 0:00:33]} Kd6 {[%emt 0:00:38]} 40. Kf1 {[%emt 0:00:17]} Rc5 {[%emt 0:02:25]} 41. Rb7 {[%emt 0:03:25]} Rxa5 {[%emt 0:00:34]} 42. Rxh7 {[%emt 0:00:06]} Ke6 {[%emt 0:03:20]} 43. g3 {[%emt 0:04:35]} Ra2 {[%emt 0:00:42]} 44. h4 {[%emt 0:00:36]} Kf6 {[%emt 0:03:14]} 45. Rc7 {[%emt 0:05:03]} a5 {[%emt 0:02:04]} 46. Ra7 {[%emt 0:00:10]} e4 {[%emt 0:01:12]} 47. Kg1 {[%emt 0:00:33]} a4 {[%emt 0:00:28]} 48. Kf1 {[%emt 0:00:13]} a3 {[%emt 0:00:13]} 49. Ra6+ {[%emt 0:01:29]} Kg7 {[%emt 0:00:15]} 50. Ra7+ {[%emt 0:00:28]} Kh6 {[%emt 0:00:22]} 51. Kg1 {[%emt 0:03:08]} Kh5 {[%emt 0:01:20]} 52. Ra6 {[%emt 0:05:14]} g5 {[%emt 0:01:38]} 53. hxg5 {[%emt 0:00:25]} Kxg5 {[%emt 0:00:04]} 54. Ra5 {[%emt 0:01:50]} Kg4 {[%emt 0:00:18]} 55. Kf1 {[%emt 0:00:58]} f4 {[%emt 0:00:18]} 56. gxf4 {[%emt 0:00:04]} Kf3 {[%emt 0:00:59]} 57. Kg1 {[%emt 0:00:44]} Ra1+ {[%emt 0:01:36]} 58. Kh2 {[%emt 0:00:02]} Kxf2 {[%emt 0:00:09]} 59. f5 {[%emt 0:00:40]} e3 {[%emt 0:00:47]} 60. f6 {[%emt 0:00:01]} Ke2 {[%emt 0:09:10]} 61. f7 {[%emt 0:00:04]} Rf1 {[%emt 0:00:17]} 62. Rxa3 {[%emt 0:00:05]} Rxf7 {[%emt 0:00:08]} 63. Kg3 {[%emt 0:00:03]} Rg7+ {[%emt 0:00:28]} 64. Kf4 {[%emt 0:00:00]} Kf2 {[%emt 0:00:12]} 65. Ke4 {[%emt 0:00:12]} Re7+ {[%emt 0:00:25]} 66. Kd3 {[%emt 0:00:03]} e2 {[%emt 0:00:08]} 0-1